<?xml version="1.0" encoding="UTF-8"?><?xml-stylesheet type="text/xsl" href="static/style.xsl"?><OAI-PMH xmlns="http://www.openarchives.org/OAI/2.0/" xmlns:xsi="http://www.w3.org/2001/XMLSchema-instance" xsi:schemaLocation="http://www.openarchives.org/OAI/2.0/ http://www.openarchives.org/OAI/2.0/OAI-PMH.xsd"><responseDate>2026-04-19T09:42:57Z</responseDate><request verb="GetRecord" identifier="oai:www.recercat.cat:20.500.14342/3707" metadataPrefix="marc">https://recercat.cat/oai/request</request><GetRecord><record><header><identifier>oai:recercat.cat:20.500.14342/3707</identifier><datestamp>2025-05-15T19:20:28Z</datestamp><setSpec>com_2072_482405</setSpec><setSpec>com_2072_183628</setSpec><setSpec>col_2072_482409</setSpec></header><metadata><record xmlns="http://www.loc.gov/MARC21/slim" xmlns:dcterms="http://purl.org/dc/terms/" xmlns:xsi="http://www.w3.org/2001/XMLSchema-instance" xmlns:doc="http://www.lyncode.com/xoai" xsi:schemaLocation="http://www.loc.gov/MARC21/slim http://www.loc.gov/standards/marcxml/schema/MARC21slim.xsd">
   <leader>00925njm 22002777a 4500</leader>
   <datafield ind2=" " ind1=" " tag="042">
      <subfield code="a">dc</subfield>
   </datafield>
   <datafield ind2=" " ind1=" " tag="720">
      <subfield code="a">Rizzolo-Brime, Lucía</subfield>
      <subfield code="e">author</subfield>
   </datafield>
   <datafield ind2=" " ind1=" " tag="720">
      <subfield code="a">Puyol Martin, Yael</subfield>
      <subfield code="e">author</subfield>
   </datafield>
   <datafield ind2=" " ind1=" " tag="720">
      <subfield code="a">Jakszyn, Paula</subfield>
      <subfield code="e">author</subfield>
   </datafield>
   <datafield ind2=" " ind1=" " tag="720">
      <subfield code="a">Orta-Ramirez, Alicia</subfield>
      <subfield code="e">author</subfield>
   </datafield>
   <datafield ind2=" " ind1=" " tag="260">
      <subfield code="c">2023-03</subfield>
   </datafield>
   <datafield ind2=" " ind1=" " tag="520">
      <subfield code="a">Since the classification of processed meat as carcinogenic by the International Agency for&#xd;
Research on Cancer (IARC) in 2015, an increase in consumption of plant-based meat alternatives&#xd;
(PBMAs) has been observed worldwide. This occurs in a context characterized by concern for&#xd;
health, animal welfare, and sustainability; however, evidence of their nutritional quality is still&#xd;
limited. Therefore, our objective was to evaluate the nutritional profile and processing degree of&#xd;
PBMAs available in Spain. In 2020, products from seven Spanish supermarkets were analyzed for&#xd;
their nutritional content and ingredients. Of the 148 products, the majority were low in sugars but&#xd;
moderate in carbohydrates, total and saturated fat, and high in salt. The main vegetable protein&#xd;
sources were soy (91/148) and wheat gluten (42/148). Comparatively, 43/148 contained animal&#xd;
protein, the most common being egg. Overall, PBMAs had a long list of ingredients and additives,&#xd;
and they were classified as ultra-processed foods (UPFs) according to the NOVA system. This study&#xd;
shows that the PBMAs available in Spanish supermarkets have a variable nutritional composition&#xd;
within and between categories. Further research is needed to determine if replacing meat with these&#xd;
UPFs could be a good alternative towards healthier and more sustainable dietary patterns.</subfield>
   </datafield>
   <datafield ind1="8" ind2=" " tag="024">
      <subfield code="a">http://hdl.handle.net/20.500.14342/3707</subfield>
   </datafield>
   <datafield ind1="8" ind2=" " tag="024">
      <subfield code="a">https://doi.org/10.3390/nu15061325</subfield>
   </datafield>
   <datafield tag="653" ind2=" " ind1=" ">
      <subfield code="a">Carn -- Substituts -- Avaluació</subfield>
   </datafield>
   <datafield tag="653" ind2=" " ind1=" ">
      <subfield code="a">Supermercats -- Espanya</subfield>
   </datafield>
   <datafield ind2="0" ind1="0" tag="245">
      <subfield code="a">Nutritional assessment of plant-based meat alternatives: a comparison of nutritional information of plant-based meat alternatives in Spanish supermarkets</subfield>
   </datafield>
</record></metadata></record></GetRecord></OAI-PMH>